Zradný príliv

Bibliographic Details
Main Author: Harper, Jane, 1980- (Author)
Other Authors: Klimková, Simona, 1982- (Translator)
Format: Book
Language:Slovak
English
PhysicalDescription:286 strán 24 cm
Published: Bratislava Tatran 2021
ISBN:9788022211802
Edition:Vydanie I.
Subjects:

MARC

LEADER 00000cam a2200000 4500
001 vtls012064152
003 SK-MaSNL
005 20260301104140.0
008 210802s2021 xo g 010 f slo
015 |a SNBA2022/09 
020 |a 9788022211802  |q (viazané) 
040 |a SNK  |b slo  |c SNK  |e rda 
041 1 |a slo  |h eng 
044 |a xo  |c SK 
072 7 |a 821.111-3  |x Anglická próza, anglicky písaná  |2 konspekt 
080 |a 821.111(94)-31  |2 2011 
080 |a (0:82-312.4)  |2 2011 
100 1 |a Harper, Jane,  |d 1980-  |4 aut  |9 442436 
240 1 4 |a The Survivors  |l Slovensky 
245 1 0 |a Zradný príliv  |c Jane Harperová ; z anglického originálu The Survivors ... preložila Simona Klimková 
250 |a Vydanie I. 
264 1 |a Bratislava  |b Tatran  |c 2021 
300 |a 286 strán  |c 24 cm 
336 |a text  |b txt  |2 rdacontent 
337 |a bez média  |b n  |2 rdamedia 
338 |a zväzok  |b nc  |2 rdacarrier 
655 7 |a austrálske romány  |2 SNKPH  |9 1595 
655 7 |a detektívne romány  |2 SNKPH  |9 70455 
655 7 |a Australian fiction  |2 SNKPHeng  |9 305156 
655 7 |a Detective novels  |2 SNKPHeng  |9 121444 
700 1 |a Klimková, Simona,  |d 1982-  |4 trl  |9 203760 
919 |a 978-80-222-1180-2 
954 |a beletria cudzojazyčná (svetová)  |2 lita 
958 |a LX 
958 |a UP 
968 |b ENG 
999 |c 697359  |d 699289 
952 |a SNK  |b SNK  |y PREZ  |7 0  |p 17A1481061  |o snkSC 196689  |i snk2022/4648  |8 0  |0 0  |1 0  |4 0  |d 2022-03-24  |f 1  |l 0  |r 2025-10-16 00:00:00  |w 2026-02-23 
952 |a SNK  |b SNK  |y PREZ  |7 0  |p 17A1481062  |o snkSC 196689 D1  |i snk2022/4649  |8 0  |0 0  |1 0  |4 0  |d 2022-03-24  |l 0  |r 2026-02-23 20:46:25  |w 2026-02-23